000
00306cam a2200121ua 4500
082
_a
330.1
_b
ALE/DH
100
_a
Alexander, Joseph K.
_9
1707
245
_a
Dhanashastra Tatvangal /
250
_a
5 /
260
_a
Thiruvananthapuram :
_b
Kerala Bhasha Institute ,
_c
1978.
300
_a
503 ; .
942
_c
BK
999
_c
4116
_d
4116